00329nam a2200121Ia 4500008004100000041000800041082001500049100001600064245004400080260003900124300003300163365001100196240624s9999 xx 000 0 und d aeng a808.51 LEA aLEANNE SHEL aSAY IT LIKE OBAMA THE POWER OF SPEAKING c2009aNew DelhibTata McGraw- Hill axxiii, : 214 : p. : cm. ; 20 cRSb20